| 000 | 00801cam a22002651 4500 | ||
|---|---|---|---|
| 999 |
_c129457 _d129457 |
||
| 001 | 9375787 | ||
| 003 | ARRUPE | ||
| 005 | 20190425120423.0 | ||
| 008 | 751126s1962 nyua 000 0 eng | ||
| 010 | _a 62017970 | ||
| 035 | _a(OCoLC)1857782 | ||
| 040 |
_aDLC _cFT _dOCoLC _dDLC |
||
| 042 | _apremarc | ||
| 050 | 0 | 0 |
_aPN4121 _b.H3487 |
| 082 | _a808.5 | ||
| 100 | 1 |
_aHibbitt, George Whiting, _d1895- _945978 |
|
| 245 | 0 | 0 |
_aFundamentals of speech, _ba college course guide. _cGeorge W. Hibbitt |
| 260 |
_aGarden City, N.Y., _bDoubleday, _c1962. |
||
| 300 |
_a188 p. _billus. _c21 cm. |
||
| 440 | 0 |
_aDoubleday college course guides, _vU8 _945979 |
|
| 650 | 0 |
_aSpeech. _945980 |
|
| 906 |
_a7 _bcbc _coclcrpl _du _encip _f19 _gy-gencatlg |
||
| 942 |
_2lcc _cMONOGRAPH |
||